Motivačné programy vo vybranom podniku bakalárska práca

Saved in:
Bibliographic Details
Main Author: Csukaová, Viktória
Corporate Author: Fakulta podnikového manažmentu EU. Katedra manažmentu
Other Authors: Vogl, Michaela
Format: Book
Language:Slovak
Published: Bratislava 2016
Tags: Add Tag
No Tags, Be the first to tag this record!

MARC

LEADER 00000nbm a2200000 4500
001 0218396
005 20170222130339.6
041 0 |a slo 
044 |a SK 
245 1 0 |a Motivačné programy vo vybranom podniku  |b bakalárska práca  |c Viktória Csukaová ; školiteľ: Michaela Vogl 
264 1 |a Bratislava  |c 2016 
300 |a 59 s. 
100 1 |a Csukaová, Viktória 
700 1 |a Vogl, Michaela 
710 2 |a Fakulta podnikového manažmentu EU. Katedra manažmentu